000 00308nam a2200109 4500
999 _c9526
_d9526
008 180706b ||||| |||| 00| 0 eng d
245 _aAll in the family for davao occidental.
260 _aPhilippines
_bPhilippine Daily Inquirer
_cc2016
300 _apage A16.
650 0 _928303
_aPolitics.
942 _2ddc
_cPER